[Event "CP-2015-P-00051"]
[Site "LSS email"]
[Date "2015.09.28"]
[Round "?"]
[White "Usmanoff, Rustam"]
[Black "Soreghy, Janos"]
[Result "1-0"]
[WhiteElo "2321"]
[BlackElo "1661"]
[PlyCount "69"]
[EventDate "2015.10.01"]
[EventType "tourn (corr)"]
[EventRounds "6"]
[EventCountry "GER"]
[SourceTitle "Corr 2022"]
[Source "ChessBase"]
[SourceDate "2021.10.24"]
[SourceVersion "1"]
[SourceVersionDate "2021.10.24"]
[SourceQuality "1"]

1. e4 e5 2. Nf3 Nc6 3. Bb5 a6 4. Ba4 Nf6 5. 0-0 Be7 6. Re1 b5 7. Bb3 0-0 8. c3 d5 9. exd5 Nxd5 10. Nxe5 Nxe5 11. Rxe5 c6 12. d4 Bd6 13. Re1 Qh4 14. g3 Qh3 15. Be3 Bg4 16. Qd3 Rae8 17. Nd2 Qh5 18. a4 Bf5 19. Qf1 Bh3 20. Bd1 Qf5 21. Qe2 Re7 22. Qh5 Rfe8 23. Qxf5 Bxf5 24. axb5 axb5 25. Bf3 Re6 26. Nb3 Be4 27. Bxe4 Rxe4 28. Ra6 Rc8 29. Na5 Re6 30. Bd2 Rxe1+ 31. Bxe1 Ne7 32. c4 bxc4 33. Nxc4 Bc7 34. Bb4 Bd8 35. Bc5 1-0